Pobaltská regionální spolupráce kooperace v regionu v letech 1991-1997 očima estonské politické historiografie

Salvato in:
Dettagli Bibliografici
Autore principale: Zájedová Iivi
Natura: Libro
Lingua:ceco
Pubblicazione: Praha Univerzita Karlova v Praze. Nakladatelství Karolinum 2006
Soggetti:
Tags: Aggiungi Tag
Nessun Tag, puoi essere il primo ad aggiungerne!!

MARC

LEADER 00000nam$a2200000$$$4500
001 0046921
005 20240313090233.4
020 |a 80-246-1135-X 
041 0 |a cze 
044 |a CZ 
245 1 0 |a Pobaltská regionální spolupráce  |b kooperace v regionu v letech 1991-1997 očima estonské politické historiografie  |c Zájedová Iivi 
264 1 |a Praha  |b Univerzita Karlova v Praze. Nakladatelství Karolinum  |c 2006 
300 |a 184 s. 
610 2 0 |a Estónsko 
610 2 0 |a Lotyšsko 
610 2 0 |a Litva 
610 2 0 |a spolupráca medzinárodná 
610 2 0 |a spolupráca cezhraničná 
610 2 0 |a politika regionálna 
610 2 0 |a kooperácia hospodárska medzinárodná 
610 2 0 |a politika zahraničná 
100 1 |a Zájedová Iivi